Elementary and Intermediate Algebra
With a strong emphasis on skill-building, applications in the real world, and preparation for further math courses, this text unites the concepts of Elementary Algebra and Intermediate Algebra in one convenient and economical volume.
সংরক্ষণ করুন:
| প্রধান লেখক: | |
|---|---|
| বিন্যাস: | গ্রন্থ |
| ভাষা: | Undetermined |
| প্রকাশিত: |
Boston
McGraw-Hill
2006
|
| বিষয়গুলি: | |
| ট্যাগগুলো: |
ট্যাগ যুক্ত করুন
কোনো ট্যাগ নেই, প্রথমজন হিসাবে ট্যাগ করুন!
|
| Thư viện lưu trữ: | Trung tâm Học liệu Trường Đại học Cần Thơ |
|---|
| LEADER | 00775nam a2200205Ia 4500 | ||
|---|---|---|---|
| 001 | CTU_151876 | ||
| 008 | 210402s9999 xx 000 0 und d | ||
| 020 | |c 55 | ||
| 082 | |a 512.9 | ||
| 082 | |b D867 | ||
| 100 | |a Dugopolski, Mark | ||
| 245 | 0 | |a Elementary and Intermediate Algebra | |
| 245 | 0 | |c Mark Dugopolski | |
| 260 | |a Boston | ||
| 260 | |b McGraw-Hill | ||
| 260 | |c 2006 | ||
| 520 | |a With a strong emphasis on skill-building, applications in the real world, and preparation for further math courses, this text unites the concepts of Elementary Algebra and Intermediate Algebra in one convenient and economical volume. | ||
| 650 | |a Algebra,Đại số học | ||
| 904 | |i Phạm Thị Chuyên, Năm | ||
| 980 | |a Trung tâm Học liệu Trường Đại học Cần Thơ | ||